Welcome to CU Library Online Public Access Catalogue (OPAC)

Macmillan English Dictionary (Record no. 265)

MARC details
000 -LEADER
fixed length control field 01018nam a22001697a 4500
005 - DATE AND TIME OF LATEST TRANSACTION
control field 20241028094448.0
008 - FIXED-LENGTH DATA ELEMENTS--GENERAL INFORMATION
fixed length control field 241028b |||||||| |||| 00| 0 eng d
020 ## - INTERNATIONAL STANDARD BOOK NUMBER
International Standard Book Number 9780333966754
110 ## - MAIN ENTRY--CORPORATE NAME
Corporate name or jurisdiction name as entry element Macmillan Education
245 ## - TITLE STATEMENT
Title Macmillan English Dictionary
Remainder of title For Advanced Learners
250 ## - EDITION STATEMENT
Edition statement International Student Edition
260 ## - PUBLICATION, DISTRIBUTION, ETC.
Place of publication, distribution, etc. Malaysia
Name of publisher, distributor, etc. Bloomsbury Publishing Plc.
Date of publication, distribution, etc. 2002
300 ## - PHYSICAL DESCRIPTION
Extent xiv, 1692 pages
Other physical details Defining Vocabulary
Dimensions 23.5 cm
500 ## - GENERAL NOTE
General note Macmillan English Dictionary for Advanced Learners, also known as MEDAL, is an advanced learner's dictionary first published in 2002 by Macmillan Education. It shares most of the features of this type of dictionary: it provides definitions in simple language, using a controlled defining vocabulary; most words have example sentences to illustrate how they are typically used; and information is given about how words combine grammatically or in collocations. MEDAL also introduced a number of innovations
650 ## - SUBJECT ADDED ENTRY--TOPICAL TERM
Source of heading or term English Dictionary
942 ## - ADDED ENTRY ELEMENTS (KOHA)
Source of classification or shelving scheme Library of Congress Classification
Koha item type Books
Suppress in OPAC No
999 ## -
-- 265
-- 265
Holdings
Withdrawn status Lost status Source of classification or shelving scheme Damaged status Not for loan Home library Current library Date acquired Total checkouts Full call number Barcode Date last seen Copy number Price effective from Koha item type Collection Shelving location Cost, replacement price
    Library of Congress Classification     Graduate Library (Christ Temple) Graduate Library (Christ Temple) 01/22/2025   REF 1625 MAC GSCT00000305 01/22/2025 1 01/22/2025 Books Non-fiction Reference 3.00
    Library of Congress Classification     Law Library Annex (Miotso) Law Library Annex (Miotso) 10/28/2024   PE1625 MAC LLM00000101 10/28/2024 1 10/28/2024 Books      
    Library of Congress Classification     Undergraduate Library (Christ Temple) Undergraduate Library (Christ Temple) 08/13/2025   PE 1625 MAC ulct00004321 08/13/2025 1 08/13/2025 Reference Reference General stacks  
© 2023-2024 Copyright: Central University Libraries. All Rights Reserved | Created by: Mahone Tech Office